Gestió del canvi en les administracions locals : manual de consulta / manual de consulta /
Descripción Física:
89 pàgines ; 30 cm
Colección:
Manuals de formació municipal
; 19
Idioma:
Catalán
MARC
| LEADER | 00000nam a2200000uc 4500 | ||
|---|---|---|---|
| 001 | 20011771 | ||
| 003 | BGR | ||
| 005 | 20260324181019.0 | ||
| 008 | s2003||||sp ||||gr|||| ||| ||cat|d | ||
| 017 | |b DL B-6966-2003 | ||
| 040 | |a BGR |b cat | ||
| 100 | |a Casado i Esquius, Lluís |9 1355 | ||
| 245 | 0 | 0 | |a Gestió del canvi en les administracions locals : |b manual de consulta / |c text: Lluís Casado Esquius |
| 260 | |a Barcelona : |b Diputació de Barcelona. Servei de Formació Local, |c 2003 | ||
| 300 | |a 89 pàgines ; |c 30 cm | ||
| 490 | |a Manuals de formació municipal ; |v 19 | ||
| 650 | 1 | 0 | |a Municipis |x Govern i administració |x Barcelona (Catalunya : Província) |9 42329 |
| 710 | |a Barcelona (Catalunya : Província). |b Servei de Formació Local |9 53659 | ||
| 710 | |a Barcelona (Catalunya : Província). |b Àrea de Règim Interior, Hisenda i Planificació |9 53667 | ||
| 942 | |c ARXIU |2 udc |n 1 | ||
| 952 | |0 0 |1 0 |4 0 |6 BIB737 |7 1 |9 62586 |a Arxiu |b Arxiu |d 2022-06-30 |o Bib-737 |p 26099 |r 2022-06-30 00:00:00 |w 2022-06-30 |y ARXIU |z Donatiu BGR | ||
| 999 | |c 19427 |d 19427 | ||